Giáo trình logic học

保存先:
書誌詳細
第一著者: Lê, Doãn Tá
フォーマット: 図書
言語:Undetermined
出版事項: Hà Nội Chính trị Quốc gia 2007
主題:
タグ: タグ追加
タグなし, このレコードへの初めてのタグを付けませんか!
Thư viện lưu trữ: Trung tâm Học liệu Trường Đại học Cần Thơ
LEADER 00535nam a2200193Ia 4500
001 CTU_128620
008 210402s9999 xx 000 0 und d
020 |c 37000 
082 |a 160 
082 |b T100 
100 |a Lê, Doãn Tá 
245 0 |a Giáo trình logic học 
245 0 |c Lê Doãn Tá, Tô Duy Hợp và Vũ Trọng Dung 
260 |a Hà Nội 
260 |b Chính trị Quốc gia 
260 |c 2007 
650 |a Logic 
904 |i Minh 
980 |a Trung tâm Học liệu Trường Đại học Cần Thơ